| 000 | 00588nam a22001817a 4500 | ||
|---|---|---|---|
| 005 | 20251108164025.0 | ||
| 008 | 250721s9999 xx 000 0 ara d | ||
| 082 | 1 | 4 | _a346.086/جما |
| 100 | 1 | _aمدغمش، جمال | |
| 245 | 1 | 0 |
_aالتأمين ضد حوادث السيارات : _bالتأمين الشامل - التأمين ضد الغير - نقصان القيمة / |
| 264 | 1 |
_aعمان : _c[19-]. |
|
| 650 | 1 | 7 | _aالتأمين |
| 650 | 1 | 7 | _aمحاكم التمييز |
| 650 | 1 | 7 | _aالأردن |
| 650 | 1 | 7 | _aالقانون المدني |
| 942 |
_2ddc _cBK |
||
| 999 |
_c1670 _d1670 |
||